00273nam a2200085Ia 450000100070000000500170000700800410002424500900006526000320015580205320250826171049.0250824s9999 xx 000 0 und d 0aNEŞELİ, KEYİFLİ, MACERA VE BİLGİ DOLU OSMANLI TARİHİ 7cZEHRA AYGÜL bUĞUR BÖCEGİ YAYINLARI